<?xml version="1.0" encoding="UTF-8"?>
<record
    xmlns:xsi="http://www.w3.org/2001/XMLSchema-instance"
    xsi:schemaLocation="http://www.loc.gov/MARC21/slim http://www.loc.gov/standards/marcxml/schema/MARC21slim.xsd"
    xmlns="http://www.loc.gov/MARC21/slim">

  <leader>00977nam a22002657a 4500</leader>
  <controlfield tag="005">20170123162325.0</controlfield>
  <datafield tag="010" ind1=" " ind2=" ">
    <subfield code="a">A-998598</subfield>
  </datafield>
  <datafield tag="020" ind1=" " ind2=" ">
    <subfield code="c">100.00</subfield>
  </datafield>
  <datafield tag="035" ind1=" " ind2=" ">
    <subfield code="a">A-998598</subfield>
  </datafield>
  <datafield tag="037" ind1=" " ind2=" ">
    <subfield code="b">Cen Lib/Ret</subfield>
  </datafield>
  <datafield tag="040" ind1=" " ind2=" ">
    <subfield code="a">DPL</subfield>
    <subfield code="b">UR</subfield>
  </datafield>
  <datafield tag="082" ind1=" " ind2=" ">
    <subfield code="a">841</subfield>
    <subfield code="b">&#x628; &#x6D2; &#x634;</subfield>
  </datafield>
  <datafield tag="100" ind1=" " ind2=" ">
    <subfield code="a">&#x628;&#x6CC;&#x634;&#x644;&#x631;&#x60C; &#x648;&#x648;&#x644;&#x641;&#x6AF;&#x627;&#x646;&#x6AF; </subfield>
    <subfield code="9">673</subfield>
  </datafield>
  <datafield tag="245" ind1=" " ind2=" ">
    <subfield code="a">&#x62F;&#x648;&#x62F;&#x6CC; &#x62F;&#x631;&#x648;&#x627;&#x632;&#x6D2; /</subfield>
    <subfield code="c"> &#x648;&#x648;&#x644;&#x641;&#x6AF;&#x627;&#x646;&#x6AF; &#x628;&#x6CC;&#x634;&#x644;&#x631; &#x61B; &#x645;&#x631;&#x62A;&#x62C;&#x645; &#x645;&#x646;&#x6CC;&#x631; &#x62F;. &#x627;&#x62D;&#x645;&#x62F; </subfield>
  </datafield>
  <datafield tag="246" ind1=" " ind2=" ">
    <subfield code="a">Doodi darwaze /</subfield>
    <subfield code="b">by Wolfgang Bachler ; translated by Munir D. Ahmed</subfield>
  </datafield>
  <datafield tag="260" ind1=" " ind2=" ">
    <subfield code="a">&#x646;&#x6CC;&#x6CC; &#x62F;&#x6C1;&#x644;&#x6CC;</subfield>
    <subfield code="b">&#x645;&#x639;&#x6CC;&#x627;&#x631; &#x67E;&#x628;&#x644;&#x6CC;&#x6A9;&#x6CC;&#x634;&#x646;&#x632; </subfield>
    <subfield code="c">1999</subfield>
  </datafield>
  <datafield tag="270" ind1=" " ind2=" ">
    <subfield code="b">&#x646;&#x6CC;&#x6CC; &#x62F;&#x6C1;&#x644;&#x6CC;</subfield>
    <subfield code="a">&#x6A9;&#x6D2;&#x60C;&#x663;&#x660;&#x662;&#x60C; &#x62A;&#x627;&#x62C; &#x627;&#x646;&#x6A9;&#x644;&#x6CC;&#x648; &#x6AF;&#x6CC;&#x62A;&#x627; &#x6A9;&#x627;&#x644;&#x648;&#x646;&#x6CC; </subfield>
    <subfield code="e">110031</subfield>
  </datafield>
  <datafield tag="300" ind1=" " ind2=" ">
    <subfield code="a">160p.</subfield>
    <subfield code="c">21cm(Hb)</subfield>
  </datafield>
  <datafield tag="650" ind1=" " ind2=" ">
    <subfield code="a"> &#x627;&#x62F;&#x628; - &#x627;&#x631;&#x62F;&#x648;</subfield>
    <subfield code="9">119037</subfield>
  </datafield>
  <datafield tag="650" ind1=" " ind2=" ">
    <subfield code="a"> &#x62C;&#x631;&#x645;&#x646; -- &#x627;&#x631;&#x62F;&#x648; &#x634;&#x627;&#x639;&#x631;&#x6CC;</subfield>
    <subfield code="9">482</subfield>
  </datafield>
  <datafield tag="650" ind1=" " ind2=" ">
    <subfield code="a">Literature -- Urdu </subfield>
    <subfield code="9">119038</subfield>
  </datafield>
  <datafield tag="650" ind1=" " ind2=" ">
    <subfield code="a">Urdu poetry (German)</subfield>
    <subfield code="9">119039</subfield>
  </datafield>
  <datafield tag="700" ind1=" " ind2=" ">
    <subfield code="a">&#x645;&#x646;&#x6CC;&#x631; &#x62F;. &#x627;&#x62D;&#x645;&#x62F;</subfield>
    <subfield code="9">113272</subfield>
  </datafield>
  <datafield tag="942" ind1=" " ind2=" ">
    <subfield code="2">ddc</subfield>
    <subfield code="c">UR</subfield>
    <subfield code="h">841</subfield>
    <subfield code="m">&#x628; &#x6D2; &#x634;</subfield>
  </datafield>
  <datafield tag="999" ind1=" " ind2=" ">
    <subfield code="c">107376</subfield>
    <subfield code="d">107376</subfield>
  </datafield>
  <datafield tag="952" ind1=" " ind2=" ">
    <subfield code="0">0</subfield>
    <subfield code="1">0</subfield>
    <subfield code="4">0</subfield>
    <subfield code="7">0</subfield>
    <subfield code="a">L</subfield>
    <subfield code="b">L</subfield>
    <subfield code="d">2016-01-07</subfield>
    <subfield code="e">Cen Lib/Ret</subfield>
    <subfield code="g">100.00</subfield>
    <subfield code="l">0</subfield>
    <subfield code="o">841 &#x628; &#x6D2; &#x634;</subfield>
    <subfield code="p">A-998598</subfield>
    <subfield code="r">2016-01-07 00:00:00</subfield>
    <subfield code="t">1</subfield>
    <subfield code="v">100.00</subfield>
    <subfield code="w">2016-01-07</subfield>
    <subfield code="y">UR</subfield>
  </datafield>
</record>
